Loading...

DANCE AND MUSIC OF SOUTH INDIA: A STUDY IN RELATION TO THE SANSKRIT TRADITION

Bibliographic Details
Main Author: SHARMA, V S
Format: Printed Book
Published: International SCHOOL OF DRAVIDIAN LINGUISTICS 2007
Subjects:
LEADER 00748nam a2200229 4500
020 |c 0.0 
082 |a 781.5509548 DAN/SHA 
100 |a SHARMA, V S 
245 |a DANCE AND MUSIC OF SOUTH INDIA: A STUDY IN RELATION TO THE SANSKRIT TRADITION  |h ENGLISH 
250
260 |b International SCHOOL OF DRAVIDIAN LINGUISTICS  |c 2007 
300
500 |a   
501 |a Art 
538 |a KEY241 
590
630
650 |a DANCE AND MUSIC OF SOUTH INDIA-- A STUDY IN RELATION TO THE SANSKRIT TRADITION 
700
942 |c BK 
999 |c 178663  |d 178663 
952 |0 0  |1 0  |4 0  |6 781_550954800000000_DAN_SHA  |7 0  |9 192026  |a AGY  |b AGY  |g 0.00  |l 0  |o 781.5509548 DAN/SHA  |p AGY2872  |r 2019-10-25  |w 2019-10-25  |y BK